000 00579nam a2200217 i 4500
001 C2-0244823
003 PPAK
005 20180727210003.0
008 030125s1993 my |||| ||||| | may d
040 _aPPAK
_beng
_cPPAK
_erda
082 0 4 _a363.192
_223
090 0 0 _a363.192
_bPAS
_dKK
245 0 0 _aPastikan Makanan Anda Selamat
264 1 _aKuala Lumpur :
_bUnit Pelajaran Kesihatan ,
_c1993
300 _a12 pages ;
_c21 cm
336 _2rdacontent
_atext
337 _2rdamedia
_aunmediated
338 _2rdacarrier
_avolume
650 1 0 _aSafety food.
942 _ddc
_cB
999 _c58999
_d58999